[Event "Cannes team g/60"]
[Site "Cannes"]
[Date "1992.??.??"]
[Round "4"]
[White "Chandler, Murray G"]
[Black "Santo Roman, Marc"]
[Result "1-0"]
[WhiteElo "2590"]
[BlackElo "2495"]
[Annotator "Blatny,P"]
[PlyCount "88"]
[EventDate "1992.02.??"]
[EventType "team"]
[EventRounds "6"]
[EventCountry "FRA"]
[SourceTitle "CBM 028"]
[Source "ChessBase"]
[SourceDate "1992.06.01"]
[SourceVersion "1"]
[SourceVersionDate "1992.06.01"]
[SourceQuality "1"]

1. e4 d5 2. exd5 Qxd5 3. Nc3 Qd8 4. d4 Nf6 5. Nf3 Bg4 6. h3 Bh5 7. g4 Bg6 8.
Ne5 e6 9. Bg2 {/^h1-a8, ץg6} c6 10. O-O Nbd7 11. Qe2 Nxe5 12. dxe5 {<->d} Nd7
13. Ne4 h5 {/\14.f4?? hxg4 ->>> <->h,/^a7-g1,עg1} (13... Nxe5 14. Bg5 (14. f4
Bxe4 (14... Nd7 $4 15. f5 $18) 15. Qxe4 Nd7 16. f5 $13) (14. Rd1 $5 Qc8 $140 $6
15. Ng5 Nd7 16. Nxe6 $1 fxe6 17. Qxe6+ Be7 18. Re1 $1 Qd8 19. Bg5 Nf6 20. Rad1
Qc7 21. Bf4 $18) 14... Qc7 (14... f6 15. Rad1 Nd7 (15... Qc7 16. Nxf6+ gxf6 17.
Bxf6 Bg7 $8 18. Bxg7 Qxg7 19. f4 {/\f5 +-}) 16. Bxf6 gxf6 17. Rxd7 Kxd7 18.
Rd1+ Ke7 19. Rxd8 Rxd8 20. Nc5 $40) 15. f4 (15. Nf6+ gxf6 16. Bxf6 Nxg4 $1)
15... Bxe4 $8 16. Qxe4 Nd7 17. f5 e5 18. f6 gxf6 19. Rxf6 $1 Nxf6 20. Bxf6 $40)
14. Bf4 hxg4 15. hxg4 Qa5 {/\0-0-0, קe5} 16. Rad1 O-O-O (16... Nxe5 17. Nd6+ (
17. Bxe5 $2 Qxe5 18. f4 $4 Bc5+ $19) (17. Ng5 $5 Be7 $1 (17... Nd7 $2 18. Nxe6
$1 $18) 18. b4 $1 Qb5 (18... Qxb4 $2 19. Qxe5 f6 20. Qxe6 Qxf4 (20... fxg5 21.
Bd6 $18) 21. Qd7+ Kf8 22. Ne6+ $18) 19. Qxb5 cxb5 20. Bxe5 Bxg5 21. Bxb7 Rd8
22. f4 $1 Bf6 (22... Be7 23. Bxg7 {/\ Bc6+ +-}) (22... Rxd1 23. Rxd1 Bf6 24.
Bc6+ Kf8 25. g5 $1 Be7 $8 26. Rd7 $1 Rh3 (26... f6 27. Rxa7 Be8 28. Bxe8 (28.
Ra8 Kf7 29. g6+) 28... Kxe8 29. gxf6 gxf6 30. Ra8+ Bd8 31. Rxd8+ $18) 27. Bd6
$1 Bxd6 28. Rd8+ Ke7 29. Re8#) 23. Bxf6 (23. Bd6 Be7 $1 $13) (23. Bc7 $6 Rxd1
24. Rxd1 O-O $1) (23. Bc6+ Ke7 $8 24. Bc7 $6 Bd4+ $1 $8 25. Kg2 Rc8 $10) 23...
gxf6 24. f5 $1 Rxd1 (24... exf5 $4 25. Rfe1+) 25. Rxd1 exf5 26. Bc6+ Ke7 (26...
Kf8 27. Rd8+ Kg7 28. Rxh8 Kxh8 29. Bxb5 fxg4 30. c4 Bd3 (30... Kg7 31. c5 Kf8
32. c6 Ke7 33. c7 Bf5 34. Ba6 $18) (30... f5 31. c5 f4 32. c6 g3 33. c7 Bf5 34.
Ba6 $18) 31. a4 $1 {/\c5+-}) 27. Rd7+ Ke6 28. gxf5+ Bxf5 29. Rxa7 Bxc2 (29...
Rb8 $2 30. a4 $1 bxa4 31. Bd7+ Ke5 32. Ra5+ $18) 30. Bxb5 {+/-/+- _|_}) 17...
Bxd6 18. Rxd6 Nd7 $8 19. Rfd1 (19. Rxe6+ $6 fxe6 20. Qxe6+ Kd8 21. Qxg6 $44 (
21. Rd1 $2 Be8 $19)) 19... Nf6 20. Rxc6 $1 bxc6 21. Bxc6+ Kf8 (21... Ke7 22.
Bd6+ $18) 22. Bxa8 Rh4 23. Bf3 $18 {עf8,^^}) 17. a3 Be7 (17... Nxe5 18. b4 Qc7
19. Rxd8+ Kxd8 20. Rd1+ Kc8 21. Nc5 Bd6 22. Rxd6 Qxd6 23. Bxe5 $18) 18. Nd6+
Bxd6 19. Rxd6 Nb6 {/\Qa4 קc2,Bf4,><c4} (19... Qa4 20. Bg5 {/\Rfd1->}) 20. c4
Qa4 21. Rc1 Qb3 22. Bg5 Bd3 (22... Rxd6 23. exd6 {+/=/+/- ^^}) 23. Qf3 {
/\Rxc6+; ->קf7} Rxd6 $8 24. exd6 f6 (24... Nxc4 $2 25. Rc3 $18) 25. Bxf6 (25.
Be3 $6 Bxc4 26. Rc3 Qxb2 (26... Qb5) 27. Bxb6 $4 Qb1+ $19) 25... gxf6 26. Rc3 (
26. Qxf6 Rd8 27. Qxe6+ Nd7 28. Rc3 Qd1+ $19) 26... Qxb2 27. Rxd3 Nd7 $8 28. Rd1
Rg8 29. Re1 Nc5 30. Qe3 Qb6 31. Bf3 e5 32. Kf1 Ne6 33. Qh6 Qb3 34. Qh7 Rg7 (
34... Qxc4+ $4 35. Be2 $18) 35. Qf5 Qxc4+ 36. Be2 Qd5 37. Bf3 Qc4+ 38. Kg1 (38.
Be2 $142 Qd5 39. Bf3 $10) 38... Kd7 39. Rb1 (39. Qxf6 Rxg4+ $1) 39... b5 40. a4
a6 41. axb5 axb5 42. Rd1 Qc3 43. Be2 b4 $4 (43... e4 $1 {/\Qe5,QxQ -/+ _|_})
44. Ba6 b3 (44... b3 45. Bc8+ Kxc8 46. d7+ $1 {/\Qxe6+-}) (44... Qb3 45. Rc1 $1
{/\Bc4+-}) 1-0

[Event "NED-ch46"]
[Site "Eindhoven"]
[Date "1991.06.14"]
[Round "4"]
[White "Van der Wiel, John"]
[Black "Piket, Jeroen"]
[Result "0-1"]
[WhiteElo "2530"]
[BlackElo "2590"]
[Annotator "Blatny,P"]
[PlyCount "114"]
[EventDate "1991.06.10"]
[EventType "tourn"]
[EventRounds "11"]
[EventCountry "NED"]
[EventCategory "9"]
[SourceTitle "CBM 026"]
[Source "ChessBase"]
[SourceDate "1992.02.01"]
[SourceVersion "1"]
[SourceVersionDate "1992.02.01"]
[SourceQuality "1"]

1. e4 d5 2. exd5 Qxd5 3. Nc3 Qa5 4. d4 Nf6 5. Nf3 Nc6 6. Bb5 Ne4 $5 (6... Bd7
7. Bd2 (7. O-O O-O-O $1 8. Qe2 a6 9. Bxc6 Bxc6 10. Ne5 Be8 $14) (7. d5 $5) 7...
O-O-O 8. a4 $1 Qb6 (8... e5 9. dxe5 Ng4 10. h3 Ngxe5 11. Nxe5 Nxe5 12. Nd5 $18)
9. a5 $5 (9. Be3 Qa5 $14) 9... Nxa5 10. Qe2 Bxb5 11. Nxb5 Nc6 12. c4 e5 $132 {
Psakhis-Efimov, Lenk 1991}) 7. Qd3 Nxc3 8. bxc3 a6 (8... Bd7) 9. Bxc6+ bxc6 10.
Ne5 f6 11. Nc4 Qf5 $1 12. Ba3 (12. Qd2 e5 $10) 12... a5 13. O-O Qxd3 14. cxd3
Bf5 15. Rfd1 Kd7 16. Rab1 Be6 17. Kf1 h5 18. Rb2 h4 19. Nd2 Bf5 20. Ke2 g5 21.
Ne4 Bxe4 22. dxe4 e6 23. Bxf8 Rhxf8 24. c4 Rfb8 25. Rdb1 Rb4 26. Kd3 c5 27.
dxc5 Kc6 28. a3 Rxb2 29. Rxb2 Rd8+ 30. Ke3 Kxc5 31. Rb5+ Kxc4 32. Rxa5 c5 33.
Ra6 e5 34. Rxf6 Rd3+ 35. Ke2 Rxa3 36. Rg6 Kd4 37. Rxg5 Ra2+ 38. Kf3 c4 39. Rg8
c3 40. Rd8+ Kc4 41. Ke3 Ra1 42. Rc8+ Kb3 43. Rb8+ Kc2 44. Ke2 Ra4 45. Ke3 Rc4
46. Rb5 Kc1 47. Ke2 c2 48. f3 Rd4 49. Rxe5 Rd2+ 50. Ke3 Rxg2 51. f4 Kd1 52.
Rd5+ Ke1 53. Rc5 Rxh2 54. f5 Re2+ 55. Kd4 h3 56. f6 h2 57. f7 h1=Q 0-1

[Event "Hamburg SKA"]
[Site "Hamburg"]
[Date "1991.07.06"]
[Round "9"]
[White "Maus, Soenke"]
[Black "Hansen, Curt"]
[Result "0-1"]
[WhiteElo "2400"]
[BlackElo "2565"]
[Annotator "Blatny,P"]
[PlyCount "120"]
[EventDate "1991.06.27"]
[EventType "tourn"]
[EventRounds "13"]
[EventCountry "GER"]
[EventCategory "11"]
[SourceTitle "CBM 024"]
[Source "ChessBase"]
[SourceDate "1991.10.01"]
[SourceVersion "1"]
[SourceVersionDate "1991.10.01"]
[SourceQuality "1"]

1. e4 d5 2. exd5 Qxd5 3. Nc3 Qa5 (3... Qd8 {--> Ziatdinov-Kontic CBM24}) 4. d4
(4. Nf3 {--> Mueller-Gross CBM24}) 4... Nf6 5. Nf3 Bf5 (5... Nc6 6. Bb5 (6. d5
$5 Nb4 7. Bb5+ c6 8. dxc6 bxc6 9. Ba4 Ba6 10. a3 Rd8 $16 11. Bd2 $18) 6... Bd7
7. d5 Nb4 (7... Ne5 8. Nxe5 Bxb5 9. Bd2 $16 {/\Qf3,0-0-0}) 8. Bxd7+ Nxd7 9. O-O
Nf6 10. Qe2 Nbxd5 11. Nxd5 Nxd5 12. c4 $36) (5... c6 {--> Fedorowicz-Ricardi
CBM24}) 6. Bd3 (6. Ne5 c6 7. g4 Be6 $1 8. Nc4 Qc7 9. h3 Nbd7 10. Qf3 Nd5 $13) (
6. Bc4 c6 7. Bd2 e6 8. Qe2 Bb4 9. Ne5 Nbd7 10. Nxd7 Nxd7 11. a3 $14) 6... Nbd7
(6... e6 7. Bxf5 (7. O-O Nbd7 8. Re1 Bb4 9. Bxf5 Qxf5 10. Bd2 $10) 7... Qxf5 8.
Ne5 h5 9. O-O Nbd7 10. Qe2 a6 11. Nxd7 Nxd7 12. Ne4 Be7 {/\0-0,Nf6 =}) 7. O-O
e6 8. Bf4 c6 9. Ne5 Nxe5 10. Bxe5 Bg6 11. a3 Be7 12. b4 Qd8 13. Qe2 Bxd3 14.
Qxd3 O-O 15. Rfd1 Nd5 16. Ne2 b5 17. c4 bxc4 18. Qxc4 Qb6 19. Rd3 a5 20. bxa5
Rxa5 21. Rg3 f6 22. Bf4 Qa6 23. Qc2 Bxa3 24. Bh6 Rf7 25. Bd2 Bb4 26. Rxa5 Qxa5
27. Bxb4 Qxb4 28. Qc1 Rb7 29. h3 Qb1 30. Kh2 Qxc1 31. Nxc1 Rb2 32. Rf3 g5 33.
Kg3 Kf7 34. Rb3 Rd2 35. Nd3 Kg6 36. Kf3 h5 37. g3 Kf5 38. g4+ Kg6 39. Nc5 Nf4
40. Ke3 Re2+ 41. Kf3 Rc2 42. Nd7 Nxh3 43. gxh5+ Kf5 44. Kg3 Nf4 45. h6 Kg6 46.
Nf8+ Kxh6 47. Rb7 Nh5+ 48. Kg2 Ng7 49. Rf7 f5 50. Rf6+ Kh5 51. Rg6 Ne8 52. Rxe6
Nc7 53. Re5 Nd5 54. Ne6 Kg4 55. Kf1 Nf4 56. f3+ Kg3 57. Nxg5 Rf2+ 58. Ke1 Nd3+
59. Kd1 Nxe5 60. dxe5 Ra2 0-1

[Event "YUG-ch"]
[Site "Tivat"]
[Date "1994.??.??"]
[Round "12"]
[White "Nikolic, Zivoslav"]
[Black "Kosic, Dragan"]
[Result "1-0"]
[WhiteElo "2485"]
[BlackElo "2515"]
[Annotator "Blatny,P"]
[PlyCount "45"]
[EventDate "1994.03.??"]
[EventType "tourn"]
[EventRounds "13"]
[EventCountry "YUG"]
[EventCategory "10"]
[SourceTitle "CBM 043"]
[Source "ChessBase"]
[SourceDate "1994.12.01"]
[SourceVersion "1"]
[SourceVersionDate "1994.12.01"]
[SourceQuality "1"]

1. e4 d5 2. exd5 Qxd5 3. Nc3 Qa5 4. d4 Nf6 5. Nf3 Nc6 6. Bb5 Ne4 (6... Nd5 7.
O-O $5 Nxc3 8. Bxc6+ bxc6 9. bxc3 Qxc3 $2 10. Bd2 Qc4 11. Ne5 Qxd4 12. Re1 Be6
13. c4 f6 14. Nxc6 Qxc4 15. Rc1 Qxa2 16. Qe2 Bg4 (16... Kf7 17. Nb4 $1 Qb3 18.
Rc3 $18) 17. Qxg4 Qxd2 18. Rcd1 $18 {Ekstrom-Barlocco/Mendrisio op/1988/}) 7.
a4 $1 $146 (7. Qd3 Nxc3 8. bxc3 a6 9. Bxc6+ bxc6 10. Ne5 f6 11. Nc4 Qf5 $1 12.
Qxf5 (12. Ba3 a5 (12... Qxd3 13. cxd3 Bf5 14. Kd2 e5 $5 15. Bxf8 Rxf8 16. dxe5
O-O-O 17. Nb2 fxe5 18. Rhe1 Rfe8 19. f3 e4 $132 {Ostermeyr-Grosse Kloene/2.BLW/
1992/}) 13. O-O Qxd3 14. cxd3 Bf5 15. Rfd1 Kd7 $13 {Van der Wiel,J-Piket,J/
NLD-ch/1991/}) (12. Ne3 Qxd3 13. cxd3 e6 14. Rb1 Be7 15. Nc4 c5 16. dxc5 Bxc5
17. d4 Be7 18. Bf4 Kd7 $13 {Beshukov-Reprintsev/Podolsk tt/1990/}) 12... Bxf5
13. Bf4 O-O-O (13... Bxc2 14. Bxc7 Ra7 15. Bb6 $5 (15. Bg3 Rb7 16. O-O e6 (
16... Bd3 17. Na5 Rb5 18. Rfd1) 17. Rfe1 Kd7 18. Re3 c5 $132 {Peptan-Stefanova/
Mangalia tt/1992/}) 15... Rb7 16. Kd2 {/\Rhe1+/= @_|_}) 14. Ne3 Bg6 15. O-O e6
16. Rab1 c5 $15 {^^/Hayoun-Bandza/Torcy op/1991/}) (7. Bd2 Nxc3 8. Bxc6+ bxc6
9. Bxc3 Qd5 10. O-O Bg4 11. Re1 (11. Bb4 Bxf3 12. Qxf3 Qxf3 13. gxf3 e6 14.
Bxf8 Rxf8 15. Rfe1 O-O-O 16. c3 Rd5 $10 {Hund,B-Bandziene,R/Debrecen EU-chTW/
1992/}) 11... e6 12. Re5 Bxf3 13. Qxf3 Qxf3 14. gxf3 O-O-O $10) 7... Bg4 (7...
Nxc3 8. bxc3 Bd7 (8... Qxc3+ $2 9. Bd2 Qb2 10. Rb1 Qa2 11. Ne5 $1 Qd5 12. O-O
$1 {/\Bc4+-}) 9. Bd2 e6 (9... a6 10. c4 Qb6 11. c5 $16) 10. O-O {/\c4->}) 8.
O-O Nxc3 9. bxc3 Qxc3 $6 10. Bd2 Bxf3 $8 (10... Qb2 $2 11. d5 a6 12. dxc6 axb5
13. cxb7 Rb8 14. axb5 Qxb5 15. Qb1 $1 Qd5 (15... Rxb7 16. Ra8+ Kd7 17. Ne5+ $1
$18) 16. c4 $1 Qd8 (16... Qd6 17. Ra8 c6 18. Rxb8+ Qxb8 19. Bf4 $18) 17. Ne5 $1
Bd7 18. Nxd7 Kxd7 19. Qd3+ $1 $18) 11. Bxc3 Bxd1 12. d5 $1 Bxc2 13. dxc6 O-O-O
(13... b6 14. a5 bxa5 (14... Rd8 15. axb6 axb6 16. Ra7 f6 (16... Bd3 $2 17. Rd1
$1 $18) 17. Rxc7 Bd3 18. Bxd3 Rxd3 19. Bb4 $18 {_|_}) 15. Bxa5 $16 {@_|_} Kd8
$140 16. Rfd1+ $3 Bxd1 17. Rxd1+ Ke8 18. Bxc7 e6 (18... a6 19. Bb6 axb5 20. c7
$18) 19. Ba6 $1 Bc5 (19... Ke7 20. Bb7 Re8 21. Be5 $1 $18) 20. Bb7 Ke7 21. Rd7+
$1 Kf6 22. Bxa8 Rxa8 23. Rd8 $1 $18) 14. Rfc1 Be4 (14... a6 $4 15. Rxc2 axb5
16. axb5 $18) 15. cxb7+ Kxb7 (15... Bxb7 16. Ba5 Rd5 17. Rxc7+ Kb8 18. Rb1 $1
$18) 16. Ba5 Rd6 (16... Rc8 17. Bd7 $18) 17. Rxc7+ Kb8 18. Rac1 Bb7 (18... a6
19. Be2 Rf6 20. Bd3 $1 $18) 19. Rb1 Rb6 $8 20. Bxb6 axb6 21. Rd7 $18 g6 22.
Rd8+ Ka7 23. Rbd1 (23. Rbd1 Bg7 24. Rxh8 Bxh8 25. Rd7 $18) 1-0

[Event "Tel Aviv"]
[Site "Tel Aviv"]
[Date "1992.??.??"]
[Round "5"]
[White "Smirin, Ilia"]
[Black "Rechlis, Gad"]
[Result "1-0"]
[WhiteElo "2545"]
[BlackElo "2515"]
[Annotator "Blatny,P"]
[PlyCount "73"]
[EventDate "1992.04.??"]
[EventType "tourn"]
[EventRounds "11"]
[EventCountry "ISR"]
[EventCategory "11"]
[SourceTitle "CBM 030"]
[Source "ChessBase"]
[SourceDate "1992.10.01"]
[SourceVersion "1"]
[SourceVersionDate "1992.10.01"]
[SourceQuality "1"]

1. e4 {Ernst Anand} d5 2. exd5 Nf6 3. d4 Nxd5 4. c4 Nb6 5. Nf3 g6 6. h3 Bg7 7.
Nc3 O-O 8. Be3 Nc6 9. Qd2 Re8 $6 $146 (9... e5 10. d5 Na5 (10... Nd4 $2 11.
Nxd4 exd4 12. Bxd4 Re8+ 13. Be3 Qh4 14. g3 Qe7 15. Be2 Qb4 16. Nb5 $5 Qxb2 17.
Qxb2 Bxb2 18. Rd1 Be5 19. c5 a6 (19... Na4 20. d6 $18) 20. Nxc7 $1 Bxc7 21. d6
$1 Nd5 22. Rxd5 Ba5+ 23. Kf1 Bd7 24. Bf3 $1 Bc6 25. Kg2 Bxd5 26. Bxd5 Rab8 27.
Rb1 Red8 (27... b5 28. c6 $18) 28. Rxb7 $18 Bb4 (28... Rxb7 29. Bxb7 Bb4 (29...
Kg7 30. Bf4 Bb4 31. c6 Bxd6 32. Bxd6 Rxd6 33. c7 $18) 30. Bg5 $18) 29. Rxf7 {
1:0 Yilmaz-Brady,Manila ol 1992}) (10... Ne7 11. g4 e4 (11... f5 {Ernst} 12.
O-O-O fxg4 13. Ng5 Nf5 14. hxg4 Nxe3 15. Qxe3 Bxg4 16. Rxh7 $1 Rf4 17. Rxg7+
Kxg7 18. Qxe5+ Qf6 19. Qxc7+ $18 {Gipslis - Maric, Erevan 1971.}) 12. Ng5 (12.
Nxe4 f5 13. Nc5 fxg4 14. Ng5 Nf5 15. Nce6 Bxe6 16. Nxe6 Qf6 17. Nxf8 Nxe3 18.
Nxh7 $1 Qxb2 19. Qxb2 Bxb2 20. fxe3 {+/-/+- _|_, Braga-Maric,Bad Woerishofen
1985}) 12... f5 13. O-O-O h6 14. Ne6 Bxe6 15. dxe6 Qxd2+ 16. Rxd2 Rfd8 17.
Rxd8+ Rxd8 18. c5 Nbd5 19. Nxd5 Nxd5 20. Bc4 $1 Kf8 $8 21. Rd1 c6 22. gxf5 gxf5
23. Rg1 $16 {Hellers-Kristiansen,Gausdal zt 1987}) 11. b3 f5 $5 (11... c6 $6
12. Rd1 f5 $2 13. Bg5 Qd6 14. Nb1 $1 {פa5} e4 15. Bf4 Qf6 16. Ng1 Re8 17. Qxa5
e3 18. Ne2 cxd5 19. cxd5 exf2+ 20. Kxf2 $18 {Hellers-Hector,Gausdal zt 1987}) (
11... e4 12. Nd4 c6 13. dxc6 Nxc6 14. Nxc6 bxc6 15. Qxd8 Rxd8 16. Rc1 f5 17.
Be2 Be6 18. f3 exf3 19. Bxf3 Rd3 20. Nd1 Rc8 $10 {Bjerring-Iskov,Kobenhavn op
1988}) 12. Bg5 Qe8 13. Nb5 $2 (13. Rd1 e4 14. Nd4 $14) 13... e4 14. Nfd4 c5 $1
15. Qxa5 $2 (15. dxc6 Nxc6 $15) 15... cxd4 16. Nc7 Qe5 $1 17. Nxa8 d3 18. Rc1
f4 $1 19. Nxb6 axb6 20. Qxb6 Qb2 $1 $19 21. Kd1 Bc3 22. Bxf4 Rxf4 23. Qe3 Rxf2
24. Rxc3 Rc2 $1 {0:1 Womacka-Hennings,DDR 1986}) 10. O-O-O $1 e5 11. d5 Na5 (
11... Ne7 $2 12. c5 e4 13. cxb6 exf3 14. bxc7 $18) 12. b3 e4 (12... f5 $2 13.
Bg5 Bf6 (13... Qd6 14. Nb5 $18) (13... Qd7 14. c5 $18) 14. Bxf6 Qxf6 15. c5 {
/\ b4+-}) 13. Nd4 c5 $8 14. dxc6 (14. Nc2 {Ernst} Qf6 15. Kb2 Nd7 $14) 14...
bxc6 (14... Nxc6 15. c5 Nd7 (15... Nxd4 16. Bxd4 Bxd4 (16... Nd7 17. Bxg7 Kxg7
18. Bb5 Re7 19. Qd4+ f6 20. Nxe4 $18) 17. Qxd4 Qxd4 18. Rxd4 Nd7 19. Bb5 Re7
20. Nd5 $18) (15... Bxd4 16. Bxd4 Nd7 17. Be3 {/\Bc4,Nd5 +- ><g7,h6,f6}) 16.
Ndb5 {/\Nd6;Nd5 +/-/+-}) (14... Nxc6 {Anand}) 15. c5 Nd7 (15... Nd5 {Anand} 16.
Nxc6 Nxc6 17. Nxd5 $18) 16. b4 $1 Nb7 17. Nxc6 Qf6 18. Bd4 $1 Qxc6 19. Bb5 $18
e3 (19... Qc7 {Anand} 20. Bxg7 Kxg7 21. Bxd7 Rd8 22. Qd4+ $18) 20. fxe3 Qe6 21.
Bxg7 Kxg7 22. Bxd7 Bxd7 23. Qxd7 Qxe3+ 24. Kc2 a5 (24... Rab8 25. c6 Red8 26.
c7 $1 Rxd7 27. cxb8=Q $18) 25. Qxb7 Qf2+ 26. Rd2 Qf5+ 27. Kd1 Rad8 28. Qf3 Qg5
29. Nd5 Qe5 30. Kc2 axb4 31. Rhd1 Ra8 32. Nxb4 Rec8 (32... Qxc5+ {Anand} 33.
Qc3+ Qxc3+ 34. Kxc3) 33. Rd5 Qe7 34. Qc3+ Kg8 35. a3 Qe4+ 36. Kb2 Qxg2+ 37.
R1d2 1-0

[Event "Interzonal-14c"]
[Site "Zagreb"]
[Date "1987.??.??"]
[Round "13"]
[White "Miles, Anthony John"]
[Black "Hickl, Joerg"]
[Result "0-1"]
[WhiteElo "2585"]
[BlackElo "2455"]
[Annotator "Blatny,P"]
[PlyCount "108"]
[EventDate "1987.08.01"]
[EventType "tourn"]
[EventRounds "17"]
[EventCountry "YUG"]
[EventCategory "12"]
[SourceTitle "CBM 004"]
[Source "ChessBase"]
[SourceDate "1988.06.01"]
[SourceVersion "1"]
[SourceVersionDate "1988.06.01"]
[SourceQuality "1"]

1. e4 d5 2. exd5 Qxd5 3. Nc3 Qa5 4. d4 Nf6 5. Nf3 Bg4 6. h3 Bh5 7. Bd2 e6 8.
Bc4 (8. d5 $6 exd5 9. Bb5+ Kd8 (9... c6 $2 10. Nxd5 Qd8 11. Qe2+ Be7 12. Nxf6+)
) 8... Bb4 9. g4 Bg6 10. Ne5 (10. a3 Bxc3 11. Bxc3 Qb6) 10... Nc6 $1 11. Nxc6 (
11. Nxg6 hxg6 12. a3 Bxc3 13. Bxc3 Qg5 $15) (11. a3 Nxe5 $5 (11... Bxc3) 12.
axb4 Nf3+ 13. Qxf3 Qxa1+ 14. Ke2 Qxb2 15. Rb1 Qxc2 16. Bb3 Qxb1 (16... Qd3+ 17.
Qxd3 Bxd3+ 18. Kxd3 $14)) 11... bxc6 12. a3 Bxc3 13. Bxc3 Qb6 (13... Qg5 $15 {
/\h5}) 14. b3 Ne4 (14... h5 $1) 15. Bb2 h5 (15... Qa5+ 16. b4 Qg5) 16. f3 Nd6
17. Bd3 Bxd3 18. Qxd3 hxg4 19. fxg4 Qa5+ 20. Qd2 Qxd2+ 21. Kxd2 O-O-O 22. Ke3 {
/\d5} (22. d5 $2 Ne8 $19) 22... Rh7 23. Kf3 Rdh8 24. Kg2 f5 25. Raf1 Rh4 26. d5
cxd5 27. Bxg7 Rg8 28. Kg3 Rh7 29. Be5 Ne4+ 30. Kf4 Rg5 (30... fxg4 $6 31. hxg4
Rf7+ 32. Ke3 Rxf1 33. Rxf1 Rxg4 34. Rf7) 31. Bf6 Rg6 32. Ba1 $2 (32. Be5 Rh4
33. Rfg1 (33. Ke3 fxg4 34. hxg4 Rgxg4 35. Rxh4 Rxh4 36. Rf7 Rh3+ 37. Ke2 (37.
Kf4 Rf3+ $19) 37... c5 {/\d4,Re3}) 33... fxg4 34. hxg4 Rgxg4+ 35. Rxg4 Rxh1 36.
Rg7 c5 $15) 32... Rh4 33. Rhg1 Ng5 $19 34. Bf6 Nxh3+ 35. Ke5 Rhxg4 36. Rxg4
fxg4 37. Bh4 g3 38. Bxg3 Rxg3 39. Kxe6 c6 40. Kd6 Rc3 41. Rf7 Rxc2 42. Rxa7 d4
43. Rc7+ Kb8 44. Rh7 Nf4 45. Rh4 Ne2 46. Rh8+ Kb7 47. Rh7+ Kb6 48. Rh8 Nc3 49.
Rb8+ Ka7 50. Kc7 Nb5+ 51. Kc8 Nxa3 52. b4 d3 53. Rb7+ Ka6 54. Kc7 Nb5+ 0-1

[Event "Tbilisi"]
[Site "Tbilisi"]
[Date "1991.??.??"]
[Round "?"]
[White "Gurgenidze, Bukhuti"]
[Black "Sturua, Zurab"]
[Result "0-1"]
[WhiteElo "2370"]
[BlackElo "2505"]
[Annotator "Blatny,P"]
[PlyCount "114"]
[EventDate "1991.05.??"]
[EventType "tourn"]
[EventRounds "11"]
[EventCountry "GEO"]
[EventCategory "9"]
[SourceTitle "CBM 024"]
[Source "ChessBase"]
[SourceDate "1991.10.01"]
[SourceVersion "1"]
[SourceVersionDate "1991.10.01"]
[SourceQuality "1"]

1. e4 d5 2. exd5 Nf6 3. Bb5+ Bd7 (3... c6 $6 4. dxc6 bxc6 5. Bc4 e5 6. d3 Bc5
7. Nf3 $16) 4. Bc4 (4. Be2 Nxd5 $10) 4... Bg4 (4... b5 $5 {Bronstein}) 5. f3
Bc8 (5... Bf5 6. g4 Bc8 (6... Bg6 $2 7. Nc3 c6 8. f4 $1 h5 9. f5 Bh7 10. g5
Nxd5 11. Qxh5 $18) 7. Nc3 c6 $5 (7... a6 8. g5 b5 9. Bb3 Nfd7 10. d4 Nb6 11.
Nge2 Bb7 12. Nf4 b4 $13 {Alexandrija-Gaprindashvili, m-8 1975}) 8. dxc6 Nxc6 9.
d3 e5 $13 {Alexandrija-Gaprindashvili, m-12 1975}) 6. Nc3 Nbd7 7. d4 Nb6 8. Bb3
Nfxd5 9. Nxd5 Nxd5 10. c4 Nf6 11. Be3 e6 (11... c6 12. Qd2 g6 13. Ne2 Bg7 14.
O-O O-O 15. Rad1 $14 {Alexandrija-Gaprindashvili m-4 1975}) 12. Ne2 Be7 13. O-O
O-O 14. Nc3 b6 15. Qe2 Ba6 16. Qf2 Qc8 17. Rfd1 Qb7 18. a4 Rad8 19. Ba2 Qa8 20.
Rab1 Bb7 21. b4 a5 22. b5 Bb4 23. Ne2 Nd7 24. Nf4 c5 25. Nd3 (25. bxc6 Bxc6 26.
Bb3 $14) 25... cxd4 26. Bxd4 Be7 {/\Bf6} 27. Bxb6 $6 (27. Qg3 Bf6 28. Bxf6 Nxf6
29. c5 bxc5 30. Nxc5 Bd5 $14) 27... Nxb6 28. Qxb6 Bxf3 $1 29. gxf3 Qxf3 30. Nf2
Rc8 31. Rd6 (31. Rd3 Qe2 $18 (31... Qf5 $2 32. Qe3 Bc5 33. Qf3 Qg6+ 34. Qg3))
31... Bxd6 32. Qxd6 Rfd8 33. Qg3 Qe2 34. Bb3 h6 35. Qg4 Qe3 36. Qe4 Qg5+ 37.
Kh1 Rd2 38. Rg1 Qc5 39. Ng4 Kh8 40. Ne5 (40. Nf6 $142 Qf5 (40... gxf6 41. Qf4
$18) 41. Qxf5 exf5 42. Nd5 Rb2 43. Rg3 g5 44. Rc3 Re8 $1) 40... f5 41. Qe1 Rb2
42. Bd1 Kh7 43. Bf3 Rd8 44. Qg3 g5 45. Nf7 Rdd2 46. Nxg5+ hxg5 47. Qh3+ Kg6 48.
Rxg5+ Kf6 (48... Kxg5 49. Qh5+ (49. Qg3+ Kf6 50. Qh4+ Ke5 51. Qg3+ (51. Qh8+
Kf4 $19) 51... Kd4 $19) 49... Kf4 $19) 49. Qh6+ Ke5 50. Qh8+ Kf4 51. Qh4+ Kxf3
52. Rg3+ Ke2 53. Qh5+ Ke1 54. Rg1+ Qxg1+ 55. Kxg1 Rg2+ 56. Kh1 Rgf2 57. Qh4 Rb1
0-1

[Event "Gausdal MI 9394"]
[Site "Gausdal"]
[Date "1993.??.??"]
[Round "3"]
[White "Sahl, Bjarke"]
[Black "Bern, Ivar"]
[Result "1-0"]
[WhiteElo "2470"]
[BlackElo "2370"]
[Annotator "Blatny,P"]
[PlyCount "49"]
[EventDate "1993.12.??"]
[EventType "tourn"]
[EventRounds "9"]
[EventCountry "NOR"]
[EventCategory "9"]
[SourceTitle "CBM 040"]
[Source "ChessBase"]
[SourceDate "1994.06.01"]
[SourceVersion "1"]
[SourceVersionDate "1994.06.01"]
[SourceQuality "1"]

1. e4 d5 2. exd5 Qxd5 3. Nc3 Qa5 4. d4 Nf6 5. Nf3 Nc6 6. Bd2 (6. Bb5 {/^a4-e8})
6... Bg4 7. d5 $5 $146 (7. Nb5) (7. Bb5) 7... Nxd5 $6 (7... Ne5 $142 8. Bb5+
Ned7 $14 (8... c6 9. dxc6 Nxc6 (9... bxc6 $6 10. Nd5 $1 Qd8 11. Nxe5 $1 Qxd5 $8
12. Bxc6+ Qxc6 13. Nxc6 Bxd1 14. Rxd1 (14. Kxd1 $5) 14... Rc8 15. Ba5 {
/\Nxa7+- _|_}) 10. Nd5 $5 Qd8 11. Nxf6+ exf6 (11... gxf6 $5 {[+]}) 12. O-O {
+/=/+/- 3P:2P<<,@})) (7... Nb4 8. Nb5 $1 {/\a3} (8. Bb5+)) 8. Nb5 Bxf3 (8...
Qb6 9. c4 {פd5,Qb6,Pc7}) 9. gxf3 $1 (9. Qxf3 Ndb4 {קc2}) 9... Qb6 (9... Ndb4
10. a3 $18) (9... Qa4 10. c4 Qxd1+ 11. Rxd1 $18) 10. c4 $1 O-O-O $8 (10... Ndb4
11. c5 $1 Qa5 (11... Qxc5 $2 12. Nxc7+ Kd8 13. Bxb4+ $18) 12. a3 $18) 11. cxd5
Rxd5 12. Nc3 (12. Qb3 Re5+ 13. Be2 $2 (13. Be3 Qa5+ 14. Nc3 e6) 13... Rxe2+ 14.
Kxe2 Qxb5+ 15. Qxb5 Nd4+ $17) 12... Re5+ 13. Be2 e6 (13... Qxb2 $5 14. Rb1 Qa3
15. O-O {/\f4,Bf3-> ; B>3P}) 14. f4 Rf5 15. O-O Bb4 (15... Qxb2 16. Rb1 Qa3 17.
Bd3 Rf6 18. Qf3 {/\Be4 ->}) 16. a3 (16. Bg4 {/\Qf3,/^h3-c8}) 16... Bxc3 17.
bxc3 Rd8 18. Qc2 $18 {_|_} Ne7 (18... Rfd5 19. Be3 {+-}) 19. Be3 Qa5 20. c4 Ng6
21. Qe4 c6 22. Rfd1 Rxd1+ 23. Rxd1 Qc7 24. Bg4 Rf6 25. f5 (25. f5 h5 26. Bg5 $1
(26. fxg6 Rxg6)) 1-0